000 00294nam a22001337a 4500
008 170328b xxu||||| |||| 00| 0 eng d
020 _a9780073209555
041 _aeng
080 _27 ED
_a796.3
100 _a8
101 _aSHM
245 _aWELLNESS WAY OF LIFE
_cROBINS.G
942 _2udc
_cBK
999 _c8878
_d8878